Test Miss France 2020 - Culture générale - Statistiques

Statistiques générales
  • Ce quiz a été pris 2 182 fois
    2 142 depuis la dernière actualisation
  • Le résultat moyen est 30 sur 39
Statistiques - réponses
Question Réponse % Correct
Qui a prononcé l’appel du 18 juin 1940 à la radio de Londres, sur les ondes de la BBC ? Charles De Gaulle
96%
Quelle chanteuse d’origine malienne interprète le titre «Pookie» ? Aya Nakamura
95%
Quel produit d’exception s’obtient après gavage des oies ou des canards ? Foie Gras
94%
Quel réseau social a pour logo un fantôme blanc ? Snapchat
94%
Qui est Teddy Riner ? Un Judoka
94%
Qui chante «Balance ton quoi» (le single est sorti en 2019) ? Angèle
93%
Quel monument parisien a pour surnom «La Dame de fer» ? La Tour Eiffel
93%
Quel roman de saint-Exupéry est le 2e ouvrage le plus traduit dans le monde après la Bible? Le Petit Prince
93%
Trouvez les fautes d’orthographe dans la phrase suivante : «Il c’est écoulé quatres semaines depuis le début de l’aventure Miss France» Il s'est écoulé quatre semaines depuis le début de l'aventure Miss France
91%
Au sujet de quelle affaire célèbre Emile Zola a-t-il publié son article «J’accuse» en 1898 ? L'affaire Dreyfus
91%
Quel est le prénom de la célèbre Suédoise de 16 ans qui milite contre le réchauffement climatique ? Greta
90%
Quelle Miss France a remporté le titre de Miss Univers en janvier 2017 aux Philippines ? Iris Mittenaere
89%
Qui sont les célèbres parents du jeune Archie, né à Londres le 6 mai 2019? Meghan Markle et le Prince Harry
89%
Quel Français a reçu un hommage national au mois de septembre ? Jacques Chirac
88%
Quelle série de Netflix a pour héros la famille Shelby ? Peaky Blinders
88%
Sur quelle île Napoléon Bonaparte a-t-il fini sa vie ? Saint Hélène
88%
Quel chanteur, devenu cette année le premier milliardaire du rap, est le mari de Beyoncé ? Jay-Z
85%
De quel groupe le film «Bohemian Rapsody» raconte-t-il l’histoire ? Queen
85%
Quel leader d’extrême droite est devenu officiellement président du Brésil le 1er janvier 2019 ? Jair Bolsonaro
84%
Le 6 juin de cette année, de quel événement historique avons-nous célébré les 75 ans ? Le débarquement
84%
Quel acteur s’est mis à la guitare et à la chanson pour interpréter «Shallow» au cinéma ? Bradley Cooper
83%
Quelle grande dame, icône de la discrimination des femmes en France, a fait son entrée au Panthéon en juillet 2018 ? Simone Veil
81%
Complétez le titre de cette peinture à l’huile sur toile réalisée par Théodore Géricault : «Le radeau de...» La Méduse
78%
J’étais prête à acheter ce manteau d’exception à 700 euros mais je découvre qu’il est soldé 15% moins cher. Combien va-t-il me coûter ? 595
76%
Qui a représenté la France à l’Eurovision ? Bilal Hassani
76%
Qui est l’actuel ministre de l’Education nationale ? Jean-Michel Blanquer
76%
Quel élément de 93 mètres de haut, disparu dans l’incendie du mois d’avril 2019, l’architecte Viollet-le-Duc avait-il bâti sur Notre-Dame de Paris ? La Flèche
76%
Quel est le seul acteur français à avoir remporté l’Oscar du meilleur acteur ? Jean Dujardin
75%
Qui est Pierre Hermé ? Un pâtissier
75%
A quelle boisson associe-t-on le nom de Dom Pérignon ? Champagne
74%
Quelle nation a remporté la coupe du monde de rugby 2019? Afrique Du Sud
72%
Dans quelle ville est-il possible de visiter le MUCEM (musée des civilisations de l’Europe et de la Méditerranée)? Marseille
65%
Quel est le plus long fleuve de France métropolitaine ? La Loire
58%
Depuis le 1er janvier 2016, combien de régions la France compte-t-elle (outre-mer compris) ? 18
55%
Retrouvez l’ordre des quatre premières du concours Miss France, sachant qu’Estelle est mieux classée que Mélissa mais moins bien que Marion, alors que Marie finit 3e dauphine. Marion- Estelle-Melissa-Marie
54%
En mars 2019, quelle maison a présenté de façon posthume la dernière collection créée par Karl Lagerfeld ? Chanel
53%
Dans quelle ville française s’est déroulé le G7 du 24 au 26 août ? Biarritz
45%
Quel humoriste, dont le dernier spectacle s’intitule «Titre», fait partie du jury de Mask Singer ? Jarry
38%
Quel film de super-héros, sorti en 2019, clôt un cycle de 22 films dans la saga Marvel ? Spiderman
10%
Aucun quiz correspondant
Distribution des résultats
% des personnes avec chaque résultat
Percentile par nombre de réponses
Votre historique - résultats
Vous n’avez pas pris ce quiz depuis la dernière actualisation